000 02421nam a2200325 i 4500
001 194802
003 ES-MaACL
005 20250530063024.0
008 240516b2024 sp ||||| |||| 00| 0 spa d
017 _aM 10667-2024
020 _a9788418997679
040 _bspa
_cES-MaACL
100 1 _9176407
_aPerán Elvira, Antonio,
_d1954-
_eaut
245 _aSonetos del buen morir /
_cAntonio Perán Elvira
250 _aPrimera edición: abril 2024
260 _aMadrid :
_bEditorial Cuadernos del Laberinto,
_c2024
300 _a134 páginas ;
_c22 cm +
_eQR para descargar el audiolibro
336 _2rdacontent
_atexto
337 _2rdamedia
_asin mediación
338 _2rdacarrier
_avolumen
520 _aSuenan en este libro todas las músicas que el soneto, con su estructura italiana trasladada a nuestro aire castellano, nos puede entregar; distribuyendo el conjunto en varias partes que denomina invocaciones y que se corresponden con los temas más habituales de la poesía, desde la amada a la muerte, pasando por los cuatro elementos y otros asuntos de la más pura tradición poética.Es decir todo un ejercicio, no sólo de inspiración, sino de trabajo intenso, sabio y concienzudo. 82 sonetos, con un total de 1150 versos y 397 rimas diferentes —con todas las posibilidades habidas y por haber para distribuir los tercetos, mostrar las variadas formas de acentuar los endecasílabos. En fin, querido lector, que te deseo una agradable y cómplice lectura de este libro —la complicidad en poesía es imprescindible—, y te invito a pasar por sus páginas siguiendo los pasos de su autor que una vez afirmó: «La literatura se funda en la realidad no solo para reproducirla, sino también para recrearla y transcenderla, y la realidad utiliza la literatura para ponerse sus prendas (las que tiene o las que sueña) y mirarse en un espejo real o imaginario». ENRIQUE GRACIA TRINIDAD
655 7 _2tgfbne
_9176539
_aPoesías
852 _aES-MaACL
_cDEPOJ
_jN-9951
_hDonación: Antonio Pérez Elvira
_xEncuadernación rústica con solapas
_gDedicatoria autógrafa del autor
_9205863
903 _9176407
_aPerán Elvira, Antonio,
_d1954-
_ednr
942 _cMONOGRAFIA
_n0
999 _c194802
_d194802